Hocklyʾs insolvency law / (Record no. 7)

MARC details
000 -LEADER
fixed length control field 00872cam a2200217 a 4500
005 - DATE AND TIME OF INPUT
control field 20230917090857.0
008 - DATA ELEMENTS--GENERAL INFORMATION
fixed length control field 910919s1990 sa 001 0 eng
020 ## - INTERNATIONAL STANDARD BOOK NUMBER
International Standard Book Number 0702125180
082 00 - SHELF NUMBER
DDC number 346.7
100 1# - MAIN AUTHOR
Main author's name De la Rey, Elmarie.
245 10 - TITLE STATEMENT
Title Hocklyʾs insolvency law /
Statement of responsibility, etc. Elmarie de la Rey, Robert Sharrock.
250 ## - EDITION STATEMENT
Edition statement 5th ed.
260 ## - PUBLICATION, DISTRIBUTION, ETC.
Place of publication, distribution, etc. Cape Town :
Name of publisher, distributor, etc. Juta,
Date of publication, distribution, etc. 1990.
300 ## - PHYSICAL DESCRIPTION
Dimensions 25 cm.
500 ## - GENERAL NOTE
General note "This is the fifth edition of Hockly's Students' guide to the Insolvency Law of South Africa ...The previous editions were, by and large, a summary of Mars: The Law of Insolvency in South Africa ... the book is no longer merely a condensed version of Mars, but an entirely independenet work ..."--Pref.
500 ## - GENERAL NOTE
General note Includes index.
650 #0 - SUBJECT`
Broad subject Bankruptcy
700 1# - OTHER AUTHORS
Other authors' name Sharrock, Robert.
700 1# - OTHER AUTHORS
Other authors' name Hockly, Harold Edward,
942 ## - ADDED ENTRY ELEMENTS (KOHA)
Item type Books
942 ## - ADDED ENTRY ELEMENTS (KOHA)
-- EMILLIE
Holdings
Source of classification or shelving scheme Not for loan Home library Current library Shelving location Date acquired Source of acquisition Full call number Barcode Price effective from Koha item type
Dewey Decimal Classification   LAW SOCIETY OF NAMIBIA LIBRARY - WINDHOEK LAW SOCIETY OF NAMIBIA LIBRARY - WINDHOEK INSOLVENCY AND INSURANCE 09/17/2023 purchased 346.7 HOC LSN/1993/10 09/17/2023 Books